[Event "CZE-chT2F 1920"]
[Site "Czech Republic"]
[Date "2020.02.09"]
[Round "8.1"]
[White "Bures, Martin R"]
[Black "Walter, Szymon"]
[Result "0-1"]
[WhiteElo "2117"]
[BlackElo "2278"]
[PlyCount "132"]
[EventDate "2019.10.13"]
[EventType "team-tourn"]
[EventRounds "11"]
[EventCountry "CZE"]
[SourceTitle "EXT 2024"]
[Source "ChessBase"]
[SourceDate "2023.10.10"]
[SourceVersion "1"]
[SourceVersionDate "2023.10.10"]
[SourceQuality "1"]
[WhiteTeam "Ostrava TJ Nova Hut II"]
[BlackTeam "Poruba Slavoj III"]
[WhiteTeamCountry "CZE"]
[BlackTeamCountry "CZE"]

1. c4 Nf6 2. d4 e6 3. Nc3 Bb4 4. a3 Bxc3+ 5. bxc3 b6 6. f3 d5 7. Bg5 Bb7 8. e3 Nbd7 9. Bd3 0-0 10. Ne2 c5 11. 0-0 dxc4 12. Bxc4 Qc7 13. Rc1 e5 14. e4 Ne8 15. Be7 Nd6 16. Ba2 Rfe8 17. dxe5 Nxe4 18. Bh4 Nxe5 19. fxe4 Bxe4 20. Bd5 Bxd5 21. Qxd5 Ng4 22. Rf4 Ne3 23. Qf3 Qd7 24. Bf2 Nd1 25. Ng3 Rad8 26. Re4 Rxe4 27. Nxe4 f5 28. Ng3 Qd2 29. Ra1 a6 30. Nf1 Qd3 31. Qxd3 Rxd3 32. c4 Nb2 33. Ne3 f4 34. Nd5 g5 35. h4 h6 36. Re1 Nxc4 37. Ne7+ Kf7 38. Nf5 Kg6 39. Ne7+ Kh5 40. Re6 gxh4 41. Ng6 Rxa3 42. Nxf4+ Kg4 43. Nh3 Ra1+ 44. Kh2 Nd2 45. Be1 Nf1+ 46. Kg1 Ng3 47. Kf2 Ra2+ 48. Kg1 Re2 49. Rxe2 Nxe2+ 50. Kf1 Nd4 51. Nf2+ Kf5 52. Bc3 a5 53. Nd1 Ke4 54. Nb2 Kd5 55. Kf2 Nc6 56. Kf3 b5 57. Kg4 b4 58. Bg7 Nd4 59. Bxh6 c4 60. Na4 c3 61. Bg5 Kc4 62. Kxh4 b3 63. Bc1 Kd3 64. Nb2+ cxb2 65. Bxb2 Nc6 66. g4 Kc2 0-1

[Event "CZE-chT2F 1920"]
[Site "Czech Republic"]
[Date "2020.01.26"]
[Round "7.1"]
[White "Havelka, Ondrej"]
[Black "Bures, Martin R"]
[Result "1-0"]
[WhiteElo "2119"]
[BlackElo "2117"]
[PlyCount "107"]
[EventDate "2019.10.13"]
[EventType "team-tourn"]
[EventRounds "11"]
[EventCountry "CZE"]
[SourceTitle "EXT 2024"]
[Source "ChessBase"]
[SourceDate "2023.10.10"]
[SourceVersion "1"]
[SourceVersionDate "2023.10.10"]
[SourceQuality "1"]
[WhiteTeam "Ostrava Labortech II"]
[BlackTeam "Ostrava TJ Nova Hut II"]
[WhiteTeamCountry "CZE"]
[BlackTeamCountry "CZE"]

1. d4 c5 2. d5 g6 3. e4 Bg7 4. Nf3 d6 5. Be2 Nf6 6. Nc3 0-0 7. 0-0 Na6 8. a4 Nc7 9. Re1 a6 10. h3 Bd7 11. Bf1 b5 12. Bf4 b4 13. Nb1 Nh5 14. Bc1 e6 15. dxe6 Bxe6 16. Nbd2 d5 17. e5 c4 18. Nd4 f6 19. exf6 Qxf6 20. N2f3 Rae8 21. Bg5 Qf7 22. Qd2 Bd7 23. Rxe8 Rxe8 24. Qxb4 Nf6 25. Qd6 Ne4 26. Qxc7 Bxd4 27. Bh4 Bxb2 28. Rb1 Bg7 29. Rb7 Be6 30. Qc6 Qf8 31. Bxc4 Nd6 32. Bxd5 Nxb7 33. Bxe6+ Kh8 34. Bd7 Nd8 35. Qc4 Re7 36. Bxe7 Qxe7 37. Qc8 Bf6 38. c4 Kg7 39. c5 Nf7 40. Be6 Nd8 41. Bd5 a5 42. c6 Qd6 43. c7 Qxd5 44. Qa6 Qd1+ 45. Kh2 Qxa4 46. c8Q Qf4+ 47. Kg1 a4 48. Qd7+ Nf7 49. Qaxa4 Qc1+ 50. Kh2 g5 51. Qb3 Kh6 52. Qbxf7 Be5+ 53. Nxe5 g4 54. Qf6+ 1-0

[Event "CZE-chT2F 1920"]
[Site "Czech Republic"]
[Date "2019.10.13"]
[Round "1.1"]
[White "Mica, Marek"]
[Black "Bures, Martin R"]
[Result "1-0"]
[WhiteElo "2158"]
[BlackElo "2117"]
[PlyCount "119"]
[EventDate "2019.10.13"]
[EventType "team-tourn"]
[EventRounds "11"]
[EventCountry "CZE"]
[SourceTitle "EXT 2024"]
[Source "ChessBase"]
[SourceDate "2023.10.10"]
[SourceVersion "1"]
[SourceVersionDate "2023.10.10"]
[SourceQuality "1"]
[WhiteTeam "Frydek Mistek  III"]
[BlackTeam "Ostrava TJ Nova Hut II"]
[WhiteTeamCountry "CZE"]
[BlackTeamCountry "CZE"]

1. d4 d5 2. Bf4 c6 3. c3 Bf5 4. Nd2 e6 5. Qb3 b6 6. e3 Bd6 7. Bg3 Nf6 8. Ngf3 Bxg3 9. hxg3 h6 10. Rc1 Nbd7 11. Ba6 Rb8 12. c4 c5 13. cxd5 exd5 14. Bb5 0-0 15. Qa3 Qe7 16. 0-0 Rfc8 17. Rfd1 Kf8 18. b3 a6 19. Bf1 b5 20. dxc5 Nxc5 21. b4 Na4 22. Nd4 Bd7 23. Qb3 Ne4 24. N2f3 Qd6 25. Bd3 Nac3 26. Re1 Na4 27. Ne2 Be6 28. Nfd4 Nd2 29. Qd1 Nc4 30. Nf4 Nab2 31. Qe2 Nxd3 32. Nxd3 Bd7 33. Red1 Kg8 34. Nb3 Bf5 35. Ndc5 Rd8 36. Rd4 Qb6 37. Qh5 Be6 38. Rf4 Rbc8 39. Nd4 Rf8 40. g4 Rxc5 41. bxc5 Qxc5 42. g5 hxg5 43. Qxg5 Qa3 44. Rc2 Qd3 45. Rh4 Qd1+ 46. Kh2 Re8 47. Re2 f6 48. Qh5 Kf8 49. Qg6 Bf7 50. Rh8+ Ke7 51. Rxe8+ Kxe8 52. Qxg7 Nd2 53. Qxf6 Nf1+ 54. Kh3 Qd3 55. Nf5 Qa3 56. Nd6+ Kd7 57. Qxf7+ Kc6 58. Rc2+ Kxd6 59. Qf8+ Ke5 60. Qxa3 1-0

[Event "CZE-chT2F 1819"]
[Site "Czech Republic"]
[Date "2019.01.27"]
[Round "7.1"]
[White "Dobrovolsky, Ladislav"]
[Black "Bures, Martin R"]
[Result "0-1"]
[WhiteElo "2288"]
[BlackElo "2102"]
[PlyCount "56"]
[EventDate "2018.10.14"]
[EventType "team-tourn"]
[EventRounds "11"]
[EventCountry "CZE"]
[SourceTitle "EXT 2022"]
[Source "ChessBase"]
[SourceDate "2021.10.06"]
[SourceVersion "1"]
[SourceVersionDate "2021.10.06"]
[SourceQuality "1"]
[WhiteTeam "Poruba Slavoj III"]
[BlackTeam "Havirov Banik"]
[WhiteTeamCountry "CZE"]
[BlackTeamCountry "CZE"]

1. Nf3 g6 2. d4 Bg7 3. g3 d5 4. Bg2 Nf6 5. 0-0 0-0 6. c4 c6 7. Nc3 dxc4 8. e4 b5 9. Re1 a6 10. h3 e6 11. e5 Nd5 12. Bg5 Nxc3 13. bxc3 Qc7 14. Nd2 h6 15. Bf4 Bb7 16. Ne4 Rd8 17. Nf6+ Kf8 18. Qc1 g5 19. Be3 Nd7 20. Qa3+ c5 21. dxc5 Bxf6 22. exf6 Bxg2 23. Kxg2 Qc6+ 24. Kg1 Ne5 25. f4 Nd3 26. Rf1 a5 27. fxg5 b4 28. gxh6 Kg8 0-1

[Event "CZE-ch"]
[Site "Ostrava"]
[Date "2017.05.06"]
[Round "8"]
[White "Bures, Martin R"]
[Black "Malik, Jan"]
[Result "1/2-1/2"]
[WhiteElo "2084"]
[BlackElo "2290"]
[PlyCount "155"]
[EventDate "2017.04.29"]
[EventType "swiss"]
[EventRounds "9"]
[EventCountry "CZE"]
[SourceTitle "CBM 178 Extra"]
[Source "ChessBase"]
[SourceDate "2017.06.22"]
[SourceVersion "1"]
[SourceVersionDate "2017.06.22"]
[SourceQuality "1"]

1. e3 d5 2. d4 c5 3. Bd3 Nc6 4. c3 Nf6 5. f4 Bg4 6. Nf3 e6 7. 0-0 Ne4 8. Nbd2 f5 9. Qa4 Bxf3 10. gxf3 Nxd2 11. Bxd2 Qb6 12. b4 c4 13. Bc2 Be7 14. b5 Nd8 15. e4 0-0 16. exd5 exd5 17. Rae1 Bd6 18. Re2 Qc7 19. Bc1 Qd7 20. Rfe1 g6 21. Ba3 Nf7 22. Re6 Rfe8 23. Rxe8+ Rxe8 24. Rxe8+ Qxe8 25. Bxd6 Qe1+ 26. Kg2 Nxd6 27. Qxa7 Qxc3 28. Qb8+ Kg7 29. Qxd6 Qxc2+ 30. Kg3 Qe2 31. Qd7+ Kh6 32. Qf7 Qe1+ 33. Kg2 Qd2+ 34. Kg3 Qxd4 35. Qf8+ Qg7 36. Qd8 Qf7 37. b6 c3 38. Qc7 Qe6 39. Qxc3 Qxb6 40. Kg2 d4 41. Qc8 Qd6 42. Qxb7 d3 43. Qb3 d2 44. Qd1 Qd4 45. a4 Qxf4 46. h3 Kg5 47. Kf2 Kh4 48. Ke2 g5 49. Qxd2 Qxa4 50. Qe1+ Kh5 51. Kf1 Qh4 52. Qe8+ Kh6 53. Qe6+ Kg7 54. Qxf5 Qc4+ 55. Kf2 Qd4+ 56. Kg2 Qd2+ 57. Kg3 Qe3 58. Kg2 Qf4 59. Qd7+ Kg6 60. Qe8+ Kh6 61. Qe6+ Kh5 62. Qg4+ Kh6 63. Qe6+ Kg7 64. Qe7+ Kg6 65. Qe6+ Qf6 66. Qe8+ Kh6 67. Qe2 Kg7 68. Qe4 h5 69. h4 gxh4 70. Kh3 Kh6 71. Qe3+ Kg7 72. Qe4 Kf8 73. f4 Kg8 74. Qe8+ Kg7 75. Qxh5 Qxf4 76. Qg4+ Qxg4+ 77. Kxg4 Kg6 78. Kxh4 1/2-1/2

[Event "CZE-ch"]
[Site "Ostrava"]
[Date "2017.04.29"]
[Round "1"]
[White "Bures, Martin R"]
[Black "Roubalik, Jakub"]
[Result "0-1"]
[WhiteElo "2084"]
[BlackElo "2397"]
[PlyCount "110"]
[EventDate "2017.04.29"]
[EventType "swiss"]
[EventRounds "9"]
[EventCountry "CZE"]
[SourceTitle "CBM 178 Extra"]
[Source "ChessBase"]
[SourceDate "2017.06.22"]
[SourceVersion "1"]
[SourceVersionDate "2017.06.22"]
[SourceQuality "1"]

1. Nf3 d5 2. d4 Nf6 3. c4 e6 4. g3 Be7 5. Bg2 0-0 6. 0-0 dxc4 7. Na3 Bxa3 8. bxa3 Nc6 9. Bb2 Bd7 10. Rc1 b5 11. Ne5 Nd5 12. Nxd7 Qxd7 13. e4 Nb6 14. d5 exd5 15. exd5 Ne7 16. d6 cxd6 17. Bxa8 Rxa8 18. Qd4 Nf5 19. Qg4 d5 20. Rcd1 Rc8 21. Rfe1 h5 22. Qxh5 c3 23. Bc1 d4 24. Re5 g6 25. Qg5 Re8 26. Rxe8+ Qxe8 27. Kf1 Qe4 28. g4 Ne7 29. Qxb5 Qxg4 30. Re1 Qh3+ 31. Kg1 Qg4+ 32. Kf1 Nf5 33. Re8+ Kh7 34. Qe5 Qd1+ 35. Kg2 Qg4+ 36. Kf1 Ng7 37. Re7 Nc4 38. Qe2 Qh3+ 39. Kg1 d3 40. Qd1 d2 41. Bxd2 cxd2 42. Re4 Qd3 43. Rxc4 Qxc4 44. Qxd2 Nf5 45. Qd8 Nh4 46. h3 Qe4 47. Kf1 Qb1+ 48. Ke2 Qxa2+ 49. Kf1 Qb1+ 50. Ke2 Qe4+ 51. Kd1 Qf3+ 52. Kc1 Qxa3+ 53. Kb1 Qxh3 54. Qd4 Qf5+ 55. Ka1 Qa5+ 0-1

[Event "Bohuslavice op rap 32nd"]
[Site "Bohuslavice"]
[Date "2017.04.22"]
[Round "3"]
[White "Bures, Martin R"]
[Black "Navara, David"]
[Result "0-1"]
[WhiteElo "2084"]
[BlackElo "2732"]
[PlyCount "58"]
[EventDate "2017.04.22"]
[EventType "swiss (rapid)"]
[EventRounds "9"]
[EventCountry "CZE"]
[SourceTitle "CBM 177 Extra"]
[Source "ChessBase"]
[SourceDate "2017.04.27"]
[SourceVersion "1"]
[SourceVersionDate "2017.04.27"]
[SourceQuality "1"]

1. Nf3 d5 2. c4 d4 3. e3 Nc6 4. exd4 Nxd4 5. Nxd4 Qxd4 6. Qf3 e5 7. Nc3 c6 8. d3 Bb4 9. Bd2 Nf6 10. a3 Ba5 11. b4 Bb6 12. Rc1 0-0 13. Be3 Qh4 14. c5 Bc7 15. Qg3 Qh5 16. Be2 Bg4 17. f3 Be6 18. Ne4 Nd5 19. Qg5 Qxg5 20. Bxg5 a5 21. Nc3 Nxc3 22. Rxc3 axb4 23. axb4 Ra4 24. 0-0 Rxb4 25. Ra1 e4 26. dxe4 Be5 27. Bd2 Rb2 28. Rd3 Rxd2 29. Rxd2 Bxa1 0-1

[Event "CZE-ch"]
[Site "Ostrava"]
[Date "2014.04.29"]
[Round "4"]
[White "Bures, Martin R"]
[Black "Kolar, Stanislav"]
[Result "1/2-1/2"]
[WhiteElo "2156"]
[BlackElo "2081"]
[PlyCount "78"]
[EventDate "2014.04.26"]
[EventType "swiss"]
[EventRounds "9"]
[EventCountry "CZE"]
[SourceTitle "CBM 160 Extra"]
[Source "ChessBase"]
[SourceDate "2014.07.01"]
[SourceVersion "1"]
[SourceVersionDate "2014.07.01"]
[SourceQuality "1"]

1. d4 Nf6 2. c4 e6 3. Nc3 Bb4 4. Nf3 0-0 5. Qb3 c5 6. Bg5 Nc6 7. d5 Na5 8. Qc2 Nxc4 9. e4 exd5 10. Bxc4 dxc4 11. 0-0-0 Bxc3 12. bxc3 h6 13. h4 Qc7 14. e5 Ng4 15. Be7 Nxe5 16. Nxe5 Qxe5 17. Bd6 Qf6 18. Rhe1 g6 19. Re3 b6 20. Bxf8 Kxf8 21. Qe4 Rb8 22. Qe8+ Kg7 23. Rde1 d6 24. Kb2 b5 25. Rf3 Bg4 26. Qxb8 Bxf3 27. gxf3 Qxf3 28. Re8 Qxf2+ 29. Ka3 Qd2 30. Rg8+ Kf6 31. Qd8+ Kf5 32. Qd7+ Kf6 33. Qd8+ Ke6 34. Re8+ Kf5 35. Qd7+ Kf6 36. Qe7+ Kg7 37. Qf8+ Kf6 38. Qe7+ Kg7 39. Qf8+ Kf6 1/2-1/2

[Event "CZE-ch"]
[Site "Ostrava"]
[Date "2010.05.07"]
[Round "7"]
[White "Taus, Martin"]
[Black "Bures, Martin R"]
[Result "1-0"]
[WhiteElo "2099"]
[BlackElo "2131"]
[PlyCount "121"]
[EventDate "2010.05.01"]
[EventType "swiss"]
[EventRounds "9"]
[EventCountry "CZE"]
[SourceTitle "CBM 136 Extra"]
[Source "ChessBase"]
[SourceDate "2010.07.02"]
[SourceVersion "2"]
[SourceVersionDate "2010.07.15"]
[SourceQuality "1"]

1. Nc3 c5 2. e4 g6 3. d3 Bg7 4. Be3 d6 5. Qd2 Bd7 6. Nf3 b5 7. Be2 b4 8. Nd1 a5 9. 0-0 Nc6 10. c3 a4 11. cxb4 cxb4 12. d4 Rb8 13. d5 Ne5 14. Nxe5 Bxe5 15. Bd4 Bxd4 16. Qxd4 Nf6 17. Ne3 Qb6 18. Qxb6 Rxb6 19. f3 0-0 20. Rfc1 Rbb8 21. Rc7 Rfc8 22. Rac1 Kf8 23. Bd1 Rxc7 24. Rxc7 Ke8 25. Ra7 b3 26. axb3 axb3 27. Ra3 Kd8 28. Rxb3 Rxb3 29. Bxb3 Kc7 30. Kf2 Kb6 31. Ke1 Kc5 32. Kd2 Kb4 33. Ba2 Ba4 34. Kd3 Nd7 35. Kd4 Nc5 36. f4 Bb3 37. Bb1 Ba4 38. Bc2 Bxc2 39. Nxc2+ Kb3 40. Ne3 Kxb2 41. e5 Nb3+ 42. Kc4 Nd2+ 43. Kd3 dxe5 44. fxe5 Nb3 45. Nc4+ Kc1 46. d6 Nc5+ 47. Ke3 exd6 48. Nxd6 Kc2 49. Nxf7 Kc3 50. Ng5 Nd7 51. e6 Nb6 52. Nxh7 Kc4 53. Ke4 Kc5 54. Ke5 Nd5 55. h4 Kc6 56. Nf8 Ne7 57. Kf6 Kd6 58. Nxg6 Nd5+ 59. Kf7 Nc7 60. e7 Kd7 61. h5 1-0

[Event "CZE-ch"]
[Site "Ostrava"]
[Date "2010.05.05"]
[Round "5"]
[White "Splichal, Stanislav"]
[Black "Bures, Martin R"]
[Result "1/2-1/2"]
[WhiteElo "2219"]
[BlackElo "2131"]
[PlyCount "106"]
[EventDate "2010.05.01"]
[EventType "swiss"]
[EventRounds "9"]
[EventCountry "CZE"]
[SourceTitle "CBM 136 Extra"]
[Source "ChessBase"]
[SourceDate "2010.07.02"]
[SourceVersion "2"]
[SourceVersionDate "2010.07.15"]
[SourceQuality "1"]

1. d4 f5 2. e4 fxe4 3. Nc3 Nf6 4. Bg5 Nc6 5. d5 Ne5 6. Qd4 Nf7 7. Nh3 c6 8. 0-0-0 Nxg5 9. Nxg5 Qb6 10. Ngxe4 Qxd4 11. Rxd4 Nxe4 12. Nxe4 cxd5 13. Rxd5 e6 14. Nd6+ Bxd6 15. Rxd6 Ke7 16. Rd2 b6 17. Bd3 Bb7 18. f4 Rhf8 19. Rf1 h6 20. h4 Rf6 21. h5 Raf8 22. g3 Rc8 23. Bg6 Rc5 24. Rfd1 Rd5 25. Rxd5 Bxd5 26. Rd3 Rf8 27. b3 Bb7 28. Kd2 Rc8 29. c4 Rc5 30. Ke3 Ra5 31. a4 Rc5 32. g4 a5 33. Be4 Bc8 34. Bf3 d6 35. Rd2 Bd7 36. Rg2 Kf6 37. Be4 Be8 38. Rd2 Ke7 39. Kf3 Bd7 40. Rd3 Be8 41. Kg3 Bf7 42. Bg6 Bg8 43. Kf3 e5 44. fxe5 Rxe5 45. Bf5 Bf7 46. Kf4 Re1 47. Kg3 Re2 48. Kf3 Re1 49. Kg3 Re2 50. Kf3 Re5 51. Kf4 Re1 52. Kg3 Re2 53. Kf3 Re5 1/2-1/2

[Event "CZE-ch"]
[Site "Ostrava"]
[Date "2010.05.01"]
[Round "1"]
[White "Bures, Martin R"]
[Black "Kovar, Vojtech"]
[Result "0-1"]
[WhiteElo "2131"]
[BlackElo "2337"]
[PlyCount "104"]
[EventDate "2010.05.01"]
[EventType "swiss"]
[EventRounds "9"]
[EventCountry "CZE"]
[SourceTitle "CBM 136 Extra"]
[Source "ChessBase"]
[SourceDate "2010.07.02"]
[SourceVersion "2"]
[SourceVersionDate "2010.07.15"]
[SourceQuality "1"]

1. e4 e5 2. f4 exf4 3. d4 Qh4+ 4. Ke2 d5 5. exd5 Bd6 6. Nf3 Bg4 7. Kd2 Qh5 8. c4 b6 9. Bd3 Ne7 10. h3 Bf5 11. Kc2 0-0 12. Nc3 c6 13. Ne5 Bxd3+ 14. Nxd3 Qf5 15. c5 bxc5 16. dxc5 Bxc5 17. Qg4 Be3 18. Qxf5 Nxf5 19. Nxf4 Na6 20. g4 Nb4+ 21. Kb3 Rab8 22. gxf5 Bxc1 23. Raxc1 Nxd5+ 24. Kc2 Nxf4 25. Rcf1 Nh5 26. Rhg1 Nf6 27. Rd1 Rfd8 28. Rge1 Kf8 29. Rxd8+ Rxd8 30. Re5 Nd5 31. Nxd5 Rxd5 32. Rxd5 cxd5 33. Kd3 Ke7 34. Kd4 Kd6 35. b4 g5 36. fxg6 fxg6 37. a4 g5 38. b5 h5 39. a5 h4 40. a6 Kc7 41. Kxd5 g4 42. hxg4 h3 43. g5 h2 44. g6 h1Q+ 45. Ke6 Qe4+ 46. Kf7 Qf5+ 47. Kg7 Qxb5 48. Kg8 Qd5+ 49. Kg7 Kd7 50. Kf8 Ke6 51. Kg7 Qd7+ 52. Kf8 Kf6 0-1

[Event "CZE Czechia-ch U12"]
[Site "Harrachov"]
[Date "2009.10.29"]
[Round "7"]
[White "Bures, Martin R"]
[Black "Gregor, Jiri3"]
[Result "0-1"]
[WhiteElo "1000"]
[BlackElo "1466"]
[PlyCount "48"]
[EventDate "2009.10.24"]
[EventType "swiss"]
[EventRounds "9"]
[EventCountry "CZE"]
[SourceTitle "EXT 2012"]
[Source "ChessBase"]
[SourceDate "2011.11.24"]
[SourceVersion "1"]
[SourceVersionDate "2011.11.24"]
[SourceQuality "1"]

1. e4 c5 2. Nf3 Nc6 3. Bc4 e6 4. Nc3 a6 5. d4 cxd4 6. Nxd4 Qc7 7. 0-0 Nf6 8. Nxc6 bxc6 9. f4 d5 10. exd5 cxd5 11. Bb3 Bd6 12. Ba4+ Bd7 13. Bxd7+ Qxd7 14. Qd4 Rc8 15. Kh1 0-0 16. b3 Bc5 17. Qd2 Bb4 18. Bb2 Ne4 19. Qd4 Bxc3 20. Bxc3 Rxc3 21. Rfe1 Rc7 22. Kg1 Qc6 23. Rac1 Qc5 24. Qxc5 Rxc5 0-1

[Event "CZE-chT1E 0809"]
[Site "Czech Republic"]
[Date "2008.10.19"]
[Round "1.8"]
[White "Bures, Martin R"]
[Black "Zwardon, Vojtech"]
[Result "0-1"]
[WhiteElo "2115"]
[BlackElo "2194"]
[PlyCount "80"]
[EventDate "2008.11.08"]
[EventType "tourn"]
[EventRounds "11"]
[EventCountry "CZE"]
[SourceTitle "EXT 2010"]
[Source "ChessBase"]
[SourceDate "2010.11.25"]
[SourceVersion "1"]
[SourceVersionDate "2010.11.25"]
[SourceQuality "1"]
[WhiteTeam "Ostrava Mittal"]
[BlackTeam "Karvina"]
[WhiteTeamCountry "CZE"]
[BlackTeamCountry "CZE"]

1. g3 e5 2. Bg2 d5 3. d3 Be6 4. a3 Nc6 5. b4 a6 6. Bb2 Qd7 7. Nd2 Nge7 8. c4 f6 9. Rc1 g5 10. cxd5 Nxd5 11. Ne4 Be7 12. Nc5 Bxc5 13. Rxc5 h5 14. h4 g4 15. e3 Qd6 16. Ne2 a5 17. Nc3 axb4 18. Nxd5 Qxc5 19. Nxc7+ Kf7 20. Nxe6 Kxe6 21. 0-0 bxa3 22. d4 Qb4 23. d5+ Kf7 24. Bxa3 Qxa3 25. dxc6 bxc6 26. Qd7+ Qe7 27. Qxc6 Rac8 28. Qd5+ Kg7 29. Be4 Rhd8 30. Qb3 Rb8 31. Qc2 Rb4 32. Rb1 Rxb1+ 33. Qxb1 Qd7 34. Kg2 Qd1 35. Qb7+ Rd7 36. Qa8 f5 37. Bxf5 Rf7 38. e4 Qf3+ 39. Kh2 Rxf5 40. Qd5 Qxf2+ 0-1

[Event "Pardubice Medis op"]
[Site "Pardubice"]
[Date "2007.07.16"]
[Round "6"]
[White "Bures, Martin R"]
[Black "Semenova, Elena"]
[Result "0-1"]
[WhiteElo "2150"]
[BlackElo "1844"]
[PlyCount "22"]
[EventDate "2007.07.12"]
[EventType "swiss"]
[EventRounds "9"]
[EventCountry "CZE"]
[SourceTitle "EXT 2008"]
[Source "ChessBase"]
[SourceDate "2007.11.25"]
[SourceVersion "1"]
[SourceVersionDate "2007.11.25"]
[SourceQuality "1"]

1. e4 e5 2. Nf3 Nf6 3. Nc3 Bb4 4. d4 Nxe4 5. dxe5 Nxc3 6. Qd4 Nc6 7. Qd1 Nxd1+ 8. Bd2 Bxd2+ 9. Nxd2 Nxb2 10. Bb5 Nd4 11. 0-0 Nxb5 0-1

[Event "CZE-chT1E 0607"]
[Site "Czech Republic"]
[Date "2007.01.21"]
[Round "6.5"]
[White "Blumel, Otto"]
[Black "Bures, Martin R"]
[Result "1/2-1/2"]
[WhiteElo "2262"]
[BlackElo "2169"]
[PlyCount "106"]
[EventDate "2006.10.15"]
[EventType "team-tourn"]
[EventRounds "11"]
[EventCountry "CZE"]
[SourceTitle "EXT 2008"]
[Source "ChessBase"]
[SourceDate "2007.11.25"]
[SourceVersion "1"]
[SourceVersionDate "2007.11.25"]
[SourceQuality "1"]

1. e4 c5 2. Nf3 d6 3. g3 Nf6 4. Nc3 Nc6 5. h3 a6 6. a4 e6 7. Bg2 Be7 8. 0-0 0-0 9. Re1 Qc7 10. d3 Rb8 11. Bf4 e5 12. Be3 Nd4 13. Nh2 b5 14. axb5 axb5 15. Ne2 b4 16. c3 bxc3 17. bxc3 Nxe2+ 18. Rxe2 Bb7 19. f4 c4 20. Ng4 cxd3 21. Qxd3 Rfc8 22. Nxf6+ Bxf6 23. fxe5 Bxe5 24. Bd4 Ra8 25. Rxa8 Rxa8 26. Rd2 h6 27. Kh2 Rc8 28. Qb5 Qc6 29. Qb3 Ba6 30. Qd1 Qc7 31. Qg4 Bc4 32. Qd1 Qe7 33. Qh5 Qg5 34. Qxg5 hxg5 35. Bf3 Kf8 36. Kg2 Ke7 37. Rb2 Rc7 38. Kf2 Be6 39. Kg2 f6 40. Rd2 Rc8 41. Rb2 Rc7 42. Be2 Bd7 43. Bh5 Bc6 44. Bf3 Rb7 45. Rxb7+ Bxb7 46. Kf2 Kd7 47. Bg4+ Ke7 48. Bf3 g6 49. g4 Bf4 50. c4 Ke6 51. Bxf6 Ba6 52. Bd4 Bxc4 53. Bd1 Ke7 1/2-1/2

[Event "Ostrava Konik op-A"]
[Site "Ostrava"]
[Date "2007.??.??"]
[Round "3"]
[White "Bures, Martin R"]
[Black "Erikstad, Olav Age"]
[Result "1/2-1/2"]
[WhiteElo "2155"]
[BlackElo "1875"]
[PlyCount "79"]
[EventDate "2007.05.??"]
[EventType "swiss"]
[EventRounds "9"]
[EventCountry "CZE"]
[SourceTitle "EXT 2010"]
[Source "ChessBase"]
[SourceDate "2010.11.25"]
[SourceVersion "1"]
[SourceVersionDate "2010.11.25"]
[SourceQuality "1"]

1. e4 c6 2. d4 d5 3. f3 dxe4 4. fxe4 e5 5. Nf3 Nf6 6. Nxe5 Nxe4 7. Qf3 Nf6 8. Bc4 Qxd4 9. Bxf7+ Ke7 10. Qe2 Qe4 11. Be3 Nbd7 12. Nxd7 Kxf7 13. Nxf6 gxf6 14. Nc3 Bb4 15. Bd2 Qxe2+ 16. Nxe2 Bxd2+ 17. Kxd2 Bg4 18. Nf4 Rad8+ 19. Kc3 Rhe8 20. Rae1 Re5 21. Nd3 Red5 22. Rhf1 Bf5 23. Re3 Bxd3 24. Rxd3 Rxd3+ 25. cxd3 Rd5 26. Rf3 Re5 27. Kd2 Ra5 28. a3 Rb5 29. Kc3 Re5 30. Rh3 Kg6 31. d4 Rg5 32. g3 Rg4 33. Kd3 h5 34. b3 f5 35. Ke3 Re4+ 36. Kd3 Kg5 37. a4 a5 38. Kc4 b6 39. Kd3 Rg4 40. Kc3 1/2-1/2

[Event "Karvina op"]
[Site "Karvina"]
[Date "2007.??.??"]
[Round "5"]
[White "Kawulok, Marek"]
[Black "Bures, Martin R"]
[Result "1-0"]
[WhiteElo "1739"]
[BlackElo "2150"]
[PlyCount "83"]
[EventDate "2007.07.??"]
[EventType "swiss"]
[EventRounds "9"]
[EventCountry "CZE"]
[SourceTitle "EXT 2010"]
[Source "ChessBase"]
[SourceDate "2010.11.25"]
[SourceVersion "1"]
[SourceVersionDate "2010.11.25"]
[SourceQuality "1"]

1. e4 c5 2. Nf3 e6 3. d4 cxd4 4. Nxd4 a6 5. Bd3 Bc5 6. Nb3 Ba7 7. c4 Nc6 8. 0-0 h5 9. Bf4 d6 10. Nc3 g5 11. Be3 Bxe3 12. fxe3 Qb6 13. c5 dxc5 14. Na4 Qa7 15. Naxc5 b6 16. Na4 Bd7 17. Nd4 Ne5 18. Nc3 Rd8 19. Be2 g4 20. Qe1 h4 21. Qf2 g3 22. hxg3 hxg3 23. Qxg3 Ng6 24. e5 Qc7 25. Ne4 Qxe5 26. Nd6+ Ke7 27. Rxf7+ Kxd6 28. Qxg6 Qxe3+ 29. Rf2 Ne7 30. Qd3 Qxd3 31. Bxd3 Rh5 32. Bxa6 Rdh8 33. Rff1 Nd5 34. Rad1 Ke7 35. Rde1 e5 36. Nf3 Kd6 37. Bc4 Nf4 38. Rd1+ Ke7 39. Nxe5 Rxe5 40. Rxf4 Be6 41. Bxe6 Kxe6 42. Kf2 1-0

[Event "Karvina op"]
[Site "Karvina"]
[Date "2007.??.??"]
[Round "3"]
[White "Zwardon, Vojtech"]
[Black "Bures, Martin R"]
[Result "1-0"]
[WhiteElo "2020"]
[BlackElo "2150"]
[PlyCount "91"]
[EventDate "2007.07.??"]
[EventType "swiss"]
[EventRounds "9"]
[EventCountry "CZE"]
[SourceTitle "EXT 2010"]
[Source "ChessBase"]
[SourceDate "2010.11.25"]
[SourceVersion "1"]
[SourceVersionDate "2010.11.25"]
[SourceQuality "1"]

1. e4 Nf6 2. e5 Nd5 3. d4 d6 4. c4 Nb6 5. exd6 cxd6 6. Bd3 g6 7. Be3 Bg7 8. Ne2 Nc6 9. Nbc3 e5 10. d5 Nb4 11. Bb1 0-0 12. Qb3 Na6 13. 0-0 Nd7 14. Qa3 Ndc5 15. b4 Nd7 16. Bc2 f5 17. f3 b6 18. Ba4 Nab8 19. Bc6 Nxc6 20. dxc6 Nf6 21. Rad1 Be6 22. c5 d5 23. f4 Ng4 24. Bc1 bxc5 25. bxc5 d4 26. h3 Qh4 27. hxg4 dxc3 28. gxf5 Rxf5 29. c7 Bc4 30. Rde1 exf4 31. Qa4 f3 32. gxf3 Rxf3 33. Qd7 Raf8 34. c8Q Bxe2 35. Qxf8+ Bxf8 36. Qd5+ Kh8 37. Rxe2 Qg4+ 38. Rg2 Rxf1+ 39. Kxf1 Qh3 40. Bg5 Qh1+ 41. Kf2 h5 42. Bf6+ Bg7 43. Qa8+ Kh7 44. Qxa7 Qf1+ 45. Kxf1 c2 46. Qxg7# 1-0

[Event "CZE-chT1E 0607"]
[Site "Czech Republic"]
[Date "2006.11.12"]
[Round "2.8"]
[White "Albertovic, Lukas"]
[Black "Bures, Martin R"]
[Result "0-1"]
[WhiteElo "2019"]
[BlackElo "2169"]
[PlyCount "52"]
[EventDate "2006.10.15"]
[EventType "team-tourn"]
[EventRounds "11"]
[EventCountry "CZE"]
[SourceTitle "EXT 2008"]
[Source "ChessBase"]
[SourceDate "2007.11.25"]
[SourceVersion "1"]
[SourceVersionDate "2007.11.25"]
[SourceQuality "1"]

1. e4 c5 2. Nc3 g6 3. g3 Bg7 4. Bg2 d6 5. d3 Bd7 6. Bg5 Qa5 7. Qd2 e6 8. Nge2 Nc6 9. a4 a6 10. 0-0 Nd4 11. Nxd4 cxd4 12. Nd5 Qc5 13. b4 Qc6 14. Rfe1 h6 15. Bh4 g5 16. Bxg5 hxg5 17. Qxg5 Kf8 18. Nf4 Bf6 19. Qa5 b6 20. b5 bxa5 21. bxc6 Bxc6 22. Rab1 Ne7 23. Rb6 Kg7 24. e5 dxe5 25. Rxc6 Nxc6 26. Bxc6 Ra7 0-1